00238nam a2200085Ia 4500001000800000005001700008008004100025245006200066260002400128120687220251010110146.0250824s9999 xx 000 0 und d 0aÜSKÜDARIN ÜÇ SIRLISI cAHMED YÜKSEL ÖZEMRE bKUBBEALTI YAYINLARI